000 00374nam a22000977a 4500
100 _aरमेशचन्‍द्र
_979391
245 _aआसाम की मनोरंजक लोक कथाऍ
260 _aदिल्‍ली
_bगैलेक्‍सी पब्लिशर्स
_c2019
650 _aचिल्‍ड्रन बुक
_9159
942 _cHIN
999 _c62985
_d62985